Các nhân vật lịch sử cận đại : Mỹ . t. I /

Zapisane w:
Opis bibliograficzny
1. autor: Lê Vinh Quốc
Kolejni autorzy: Nguyễn Thị Kim Dung, Nguyễn Thị Thư
Format: Sách giấy
Język:Vietnamese
Wydane: Hà Nội : Giáo dục , 1996
Etykiety: Dodaj etykietę
Nie ma etykietki, Dołącz pierwszą etykiete!
Thư viện lưu trữ: Thư viện Trường Đại học Đà Lạt
LEADER 00692nam a2200253 4500
001 DLU020010700
005 ##12/2/1999
041 # # |a vie 
082 # # |a 920  |b Cac 
100 # # |a Lê Vinh Quốc 
245 # # |a Các nhân vật lịch sử cận đại :  |b Mỹ .  |n t. I /  |c Lê Vinh Quốc, Quốc Lê Vinh, Thư Nguyễn Thị, Dung Nguyễn Thị Kim 
260 # # |a Hà Nội :  |b Giáo dục ,  |c 1996 
300 # # |a 151 tr.;   |c 21 cm. 
700 # # |a Nguyễn Thị Kim Dung 
700 # # |a Nguyễn Thị Thư 
992 # # |a 5000 
994 # # |a DLU 
900 # # |a False 
911 # # |a Administrator 
925 # # |a G 
926 # # |a A 
927 # # |a SH 
980 # # |a Thư viện Trường Đại học Đà Lạt